Փարիզի վեհաժողովը. Վերսալ-Վաշտիգնոյան համակարգը : (Record no. 328796)
[ view plain ]
| 000 -LEADER | |
|---|---|
| fixed length control field | 01193nam a2200217 a 4500 |
| 001 - CONTROL NUMBER | |
| control field | 000991028 |
| 003 - CONTROL NUMBER IDENTIFIER | |
| control field | AM-YeHGA |
| 005 - DATE AND TIME OF LATEST TRANSACTION | |
| control field | 20250618074234.0 |
| 008 - FIXED-LENGTH DATA ELEMENTS--GENERAL INFORMATION | |
| fixed length control field | 131104s2013 ai r 000 0 arm d |
| 020 ## - INTERNATIONAL STANDARD BOOK NUMBER | |
| International Standard Book Number | 9789939690756 |
| 040 ## - CATALOGING SOURCE | |
| Original cataloging agency | AM-YeHGA |
| 041 0# - LANGUAGE CODE | |
| Language code of text/sound track or separate title | arm |
| 090 ## - LOCALLY ASSIGNED LC-TYPE CALL NUMBER (OCLC); LOCAL CALL NUMBER (RLIN) | |
| -- | 330549 |
| 100 1# - MAIN ENTRY--PERSONAL NAME | |
| Personal name | Մարտիրոսյան, Արման Ռաֆիկի |
| 245 10 - TITLE STATEMENT | |
| Title | Փարիզի վեհաժողովը. Վերսալ-Վաշտիգնոյան համակարգը : |
| Remainder of title | Պատմություն մասնագիտության բակալավրիատի և մագիստրատուրայի ուսանողների համար : Դասախոսությունների նյութեր / |
| Statement of responsibility, etc. | Ա.Ռ. Մարտիրոսյան; Խմբ.՝ Գ. Հարությունյան; Խ. Աբովյանի անվ. հայկական պետական մանկավարժական համալսարան. |
| 260 ## - PUBLICATION, DISTRIBUTION, ETC. | |
| Place of publication, distribution, etc. | Երևան : |
| Name of publisher, distributor, etc. | Լուսաբաց, |
| Date of publication, distribution, etc. | 2013. |
| 300 ## - PHYSICAL DESCRIPTION | |
| Extent | 84 էջ ; |
| Dimensions | 21 սմ. |
| 650 14 - SUBJECT ADDED ENTRY--TOPICAL TERM | |
| Topical term or geographic name entry element | Պատմություն |
| General subdivision | Փարիզի վեհաժողով |
| 700 1# - ADDED ENTRY--PERSONAL NAME | |
| Personal name | Հարությունյան, Գ. |
| Relator term | խմբ. |
| Relationship | edt |
| 9 (RLIN) | 5374 |
| 710 2# - ADDED ENTRY--CORPORATE NAME | |
| Corporate name or jurisdiction name as entry element | Խ. Աբովյանի անվ. հայկական պետականմանկավարժական համալսարան |
| Withdrawn status | Lost status | Damaged status | Not for loan | Collection | Home library | Current library | Date acquired | Cost, normal purchase price | Shelving control number | Total checkouts | Full call number | Barcode | Date last seen | Price effective from | Koha item type | Public note |
|---|---|---|---|---|---|---|---|---|---|---|---|---|---|---|---|---|
| General | Fundamental Scientific Library | Fundamental Scientific Library | 09/01/2017 | 1000.00 | AII/100056 | FL0316095 | 09/01/2017 | 09/01/2017 | Գրքեր / Books | 30 Days Loan |
ՀՀ Գիտությունների ազգային ակադեմիայի հիմնարար գիտական գրադարան = Fundamental Scientific Library of NAS RA
All site content, except where otherwise noted, is licensed under a